000 00858nam a2200229Ia 4500
005 20250108124852.0
008 008 250107s9999 xx 000 0 hin d
020 _a978-93-82662-42-6
037 _aTB
040 _aCRL
_bhin
_cCRL
041 _ahin
_2hin
084 _aL32:4 152R1
084 _qCRL
100 _aकाम्बूसैनी, कर्ण सिंह, ले.
_9729987
245 0 _aकिसानों के देवदूत चौधरी सर छोटूराम
_cकाम्बूसैनी, कर्ण सिंह, ले.
260 _aरूड़की, भारत
_bनूतन प्रतिभा प्रकाशन
_c2505
300 _a78पृ0
365 _aINR
_b200
650 _aसमाजशास्त्र
942 _cTB
_hL32:4 152R1
999 _c1234893
_d1234893